U nás ve sklepě : antologie poesie druhé generace undergroundu /

Další autoři: Vajchr, Marek, 1965-
Jazyk: Čeština
Vydáno: Praha : Revolver Revue, 2013
Vydání: Vyd. 1.
Edice: Revolver Revue
Témata:
Fyzický popis: 259 s. : il. (převážně barev.), portréty, faksim. ; 23 cm
Knihy
Uloženo v:
LEADER 02038nam a2200553 a 4500
001 nkc20132528389
003 CZ PrNK
005 20140424172243.0
007 ta
008 131203s2013 xr ach g 000 p cze
015 |a cnb002528389 
020 |a 978-80-87037-56-0  |q (váz.) 
035 |a (OCoLC)870288286 
040 |a BOA001  |b cze  |d OLA001 
043 |a e-cs--- 
045 |a x8x8 
072 7 |a 821.162.3-1  |x Česká poezie  |2 Konspekt  |9 25 
080 |a 821.162.3-1  |2 MRF 
080 |a 316.723  |2 MRF 
080 |a (437)  |2 MRF 
080 |a (0:82-1)  |2 MRF 
080 |a (082.21)  |2 MRF 
245 0 0 |a U nás ve sklepě :  |b antologie poesie druhé generace undergroundu /  |c [výběr a uspořádání básnických a písňových textů a předmluva Marek Vajchr] 
246 3 0 |a Antologie poesie druhé generace undergroundu 
246 3 0 |a Ve sklepě 
250 |a Vyd. 1. 
260 |a Praha :  |b Revolver Revue,  |c 2013 
300 |a 259 s. :  |b il. (převážně barev.), portréty, faksim. ;  |c 23 cm 
490 1 |a Revolver Revue ;  |v sv. 73 
504 |a Obsahuje bibliografie 
648 7 |a 20. století  |7 ch460558  |2 czenas 
648 7 |a 1981-1990  |7 ch460586  |2 czenas 
648 4 |a 1981-1989 
650 0 7 |a česká poezie  |7 ph150471  |y 20. stol.  |2 czenas 
650 0 7 |a undergroundová kultura  |7 ph467676  |z Československo  |y 1981-1990  |2 czenas 
650 0 9 |a Czech poetry  |y 20th century  |2 eczenas 
650 0 9 |a underground culture  |z Czechoslovakia  |y 1981-1990  |2 eczenas 
655 7 |a česká poezie  |7 fd133958  |2 czenas 
655 7 |a antologie  |7 fd131819  |2 czenas 
655 9 |a Czech poetry  |2 eczenas 
655 9 |a anthology  |2 eczenas 
700 1 |a Vajchr, Marek,  |d 1965-  |7 kup19960000105347  |4 edt  |4 wfw 
830 0 |a Revolver Revue  |0 s 
910 2 |a BOA001  |b 2-1312.893 
990 |a BK 
995 |a 01 
991 |b 201401  |e b 
996 6 |b 2610573047  |c 2-1312.893  |l MZK  |r Sklad / do 1 hodiny  |n 0  |p p.v.  |w 001387282  |u 000010  |a 1  |e BOA001  |j MZK50  |s P 
996 7 |b 2610588274  |c 2-1312.893  |l MZK  |r Sklad / do 1 hodiny  |n 10  |p kup  |w 001387282  |u 000020  |a 1  |e BOA001  |j MZK50  |s A